Giovanni Battista Bassi : esegesi per frammenti /

Saved in:
நூற்பட்டியல் விவரங்கள்
தலைமை எழுத்தாளர்: Gurrieri, Francesco.
வடிவம்: புத்தகம்
மொழி:Italian
வெளியீடப்பட்டது: [Torino] : Testo & immagine, 1998.
தொகுதி:Universale di architettura (Turin, Italy) ; 36
பகுதிகள்:
குறியீடுகள்: குறிச்சொல் இணை
குறியீடுகள் இல்லை, இந்த குறிச்சொல்லை முதலில் பதிவு செய்யுங்கள்!
LEADER 00822nam a22002775i 4500
001 007769201-2
005 20020606104010.5
008 980331s1998 it a 00000 ita d
020 |a 8886498438 :  |c L14000. 
035 0 |a ocm38881547 
040 |a ItFiC  |b eng  |c ItFiC 
041 0 |a ita 
043 |a e-it 
045 |a x0x4  |a x4x- 
050 4 |a NA 
082 1 4 |a 726 
100 1 |a Gurrieri, Francesco. 
245 1 0 |a Giovanni Battista Bassi :  |b esegesi per frammenti /  |c Francesco Gurrieri. 
260 |a [Torino] :  |b Testo & immagine,  |c 1998. 
300 |a 92 p. :  |b ill. (some col.) ;  |c 19 cm. 
490 1 |a Universale di architettura ;  |v 36 
504 |a Includes bibliographical references. 
600 1 0 |a Bassi, Giovanni Battista. 
830 0 |a Universale di architettura (Turin, Italy) ;  |v 36 
988 |a 20020608 
906 |0 VEN